000 00921nam a2200301 a 4500
001 36472
003 BD-RjUL
005 20211209052507.0
008 140624s1971 enkab b 001 0 eng d
020 _a0715605534
020 _a0715605542 (pbk.)
035 _a(BD-RjUL)36572
035 _a1032919
040 _aLC
_beng
_cLC
_dBD-RjUL
041 _aeng
082 0 4 _a320.994
_219
_bMIA 1971
100 1 _aMiller, J. D. B.
_q(John Donald Bruce),
_d1922-
_95857
245 1 0 _aAustralian government and politics :
_ban introductory survey /
_cJ.D.B. Miller and Brian Jinks.
250 _a4th ed.
260 _aLondon :
_bDuckworth,
_c1971.
300 _a[9], 225 p. :
_bill.;
_c23 cm.
504 _aIncludes bibliographical references and index.
651 0 _aAustralia
_xPolitics and government.
_9111040
700 1 _aJinks, Brian.
_9111041
942 _2ddc
_cBK
999 _c36472
_d36472